00715pam a2200205 a 4500001000800000005001700008008004100025020002200066020002900088040001800117082002000135100002200155245008400177260006800261300001300329650001900342650001600361856006600377856006600443256054620240216010138.0950515s1995 ii b 001 0 eng  a0803992467 (U.S.) a0803992475 (U.S. : pbk.) aDLCcDLCdDLC00a320.1220bSTA.1 aChandhoke, Neera.10aState and civil society :bexplorations in political theory /cNeera Chandhoke. aNew Delhi ;aThousand Oaks, Calif. :bSage Publications,c1995. a266 p. ; 0aCivil society. 0aState, The.42uhttp://www.loc.gov/catdir/enhancements/fy0657/95022211-d.html41uhttp://www.loc.gov/catdir/enhancements/fy0657/95022211-t.html